Eintracht Frankfurt - Bundesliga-Rekordspieler (TOP 50) - Statistiken

Allgemein
  • Dieses Quiz wurde 141 mal gespielt
  • Das Durchschnittsergebnis liegt bei 17 aus 50
Antwortstatistiken
Platz Name Nation Geburtstag Einsätze % Korrekt
1 Karl-Heinz Körbel Deutschland 01.12.1954 602
86%
16 Makoto Hasebe Japan 18.01.1984 227
85%
12 Kevin Trapp Deutschland 08.07.1990 235
82%
8 Alexander Meier Deutschland 17.01.1983 270
78%
2 Jürgen Grabowski Deutschland / Polen 07.07.1944 441
78%
4 Bernd Hölzenbein Deutschland 09.03.1946 420
76%
32 Timothy Chandler U.S.A. / Deutschland 29.03.1990 158
71%
15 Oka Nikolov Nordmazedonien / Deutschland 25.05.1974 229
68%
29 Sebastian Rode Deutschland 11.10.1990 173
68%
49 Daichi Kamada Japan 05.08.1996 127
64%
47 Filip Kostic Serbien 01.11.1992 129
62%
34 Uwe Bein Deutschland 26.09.1960 150
58%
7 Marco Russ Deutschland 04.08.1985 280
53%
38 David Abraham Argentinien / Italien 15.07.1986 139
52%
3 Bernd Nickel Deutschland 15.03.1949 426
50%
37 Ioannis Amanatidis Griechenland 03.12.1981 140
48%
42 Evan Ndicka Frankreich / Kamerun 20.08.1999 134
47%
36 Bruno Pezzey Österreich 03.02.1955 141
37%
18 Ulrich Stein Deutschland 23.10.1954 224
36%
10 Uwe Bindewald Deutschland 13.08.1968 263
36%
50 Chris Brasilien / Italien 25.08.1978 125
31%
6 Manfred Binz Deutschland 22.09.1965 336
31%
46 Christoph Spycher Schweiz 30.03.1978 129
30%
5 Ralf Falkenmayer Deutschland 11.02.1963 337
29%
28 Patrick Ochs Deutschland 14.05.1984 174
27%
31 Benjamin Köhler Deutschland 04.08.1980 168
23%
27 Ralf Weber Deutschland 31.05.1969 182
23%
9 Willi Neuberger Deutschland 15.04.1946 267
23%
39 Helmut Müller Deutschland 12.04.1953 139
22%
44 Uwe Müller Deutschland / Österreich 16.10.1963 131
22%
13 Dr. Peter Kunter Deutschland 28.04.1941 234
19%
20 Wilhelm Huberts Österreich 22.02.1938 213
19%
30 Ronny Borchers Deutschland 10.08.1957 169
18%
35 Bastian Oczipka Deutschland 12.01.1989 146
13%
41 Werner Lorant Deutschland 21.11.1948 134
13%
33 Jürgen Pahl Deutschland 17.03.1956 152
10%
11 Dietmar Roth Deutschland 16.09.1963 237
8%
14 Gert Trinklein Deutschland 19.06.1949 230
8%
19 Lothar Schämer Deutschland 28.04.1940 216
8%
17 Peter Reichel Deutschland 30.11.1951 225
8%
21 Ralf Sievers Deutschland 30.10.1961 205
8%
48 Stefan Studer Deutschland 30.01.1964 128
8%
25 Wolfgang Kraus Deutschland 20.08.1953 189
8%
24 Dieter Lindner Deutschland 11.06.1939 189
7%
45 Rüdiger Wenzel Deutschland 03.06.1953 130
7%
22 Friedel Lutz Deutschland 21.01.1939 200
6%
23 Roland Weidle Deutschland 01.01.1949 198
5%
26 Jürgen Kalb Deutschland 20.05.1948 185
4%
43 Thomas Rohrbach Deutschland 04.04.1949 134
4%
40 Karl-Heinz Wirth Deutschland 20.01.1944 138
3%
Keine übereinstimmenden Quizze gefunden
Verteilung der Resultate
Anzahl Personen mit jedem Resultat
Perzentil nach korrekt beantworteten Fragen
Ihre Resultats-Entwicklung
Sie haben dieses Quiz noch nicht gespielt